Lifetime Controlling Defects in Tool Steels

In this thesis Christian Sohar describes his investigation into the gigacycle fatigue behavior of tool steels. In an interdisciplinary approach he uses knowledge and methods from a wide variety of disciplines including materials science, metallurgy, chemistry, physics and mechanical engineering. Chr...

Full description

Bibliographic Details
Main Author: Sohar, Christian Rudolf (Author)
Corporate Author: SpringerLink (Online service)
Format: Electronic eBook
Language:English
Published: Berlin, Heidelberg : Springer Berlin Heidelberg, 2011.
Series:Springer Theses
Subjects:
Online Access:Full Text via HEAL-Link
LEADER 02478nam a22004815i 4500
001 978-3-642-21646-6
003 DE-He213
005 20151204161448.0
007 cr nn 008mamaa
008 110810s2011 gw | s |||| 0|eng d
020 |a 9783642216466  |9 978-3-642-21646-6 
024 7 |a 10.1007/978-3-642-21646-6  |2 doi 
040 |d GrThAP 
050 4 |a TP155-156 
072 7 |a TDC  |2 bicssc 
072 7 |a SCI013060  |2 bisacsh 
082 0 4 |a 660  |2 23 
100 1 |a Sohar, Christian Rudolf.  |e author. 
245 1 0 |a Lifetime Controlling Defects in Tool Steels  |h [electronic resource] /  |c by Christian Rudolf Sohar. 
264 1 |a Berlin, Heidelberg :  |b Springer Berlin Heidelberg,  |c 2011. 
300 |a XIII, 224 p. 184 illus., 89 illus. in color.  |b online resource. 
336 |a text  |b txt  |2 rdacontent 
337 |a computer  |b c  |2 rdamedia 
338 |a online resource  |b cr  |2 rdacarrier 
347 |a text file  |b PDF  |2 rda 
490 1 |a Springer Theses 
505 0 |a Introduction -- Experimental -- Results and Discussion -- Summary and Outlook -- List of Figures -- List of Tables -- References. 
520 |a In this thesis Christian Sohar describes his investigation into the gigacycle fatigue behavior of tool steels. In an interdisciplinary approach he uses knowledge and methods from a wide variety of disciplines including materials science, metallurgy, chemistry, physics and mechanical engineering. Christian gives a general introduction into steel tools and fatigue in materials. Later he extensively discusses the experimental techniques and results. Indeed it is the detail of the content in this thesis which makes it an invaluable resource for students entering the field and scientists working in related disciplines. Overall, the thesis helps us understand more about the mechanical behavior of metallic materials with complex microstructure and high hardness. 
650 0 |a Chemistry. 
650 0 |a Chemical engineering. 
650 0 |a Mechanical engineering. 
650 0 |a Metals. 
650 1 4 |a Chemistry. 
650 2 4 |a Industrial Chemistry/Chemical Engineering. 
650 2 4 |a Metallic Materials. 
650 2 4 |a Mechanical Engineering. 
710 2 |a SpringerLink (Online service) 
773 0 |t Springer eBooks 
776 0 8 |i Printed edition:  |z 9783642216459 
830 0 |a Springer Theses 
856 4 0 |u http://dx.doi.org/10.1007/978-3-642-21646-6  |z Full Text via HEAL-Link 
912 |a ZDB-2-CMS 
950 |a Chemistry and Materials Science (Springer-11644)